01872 a2200193 4500001000500000005001700005008004100022003001500063040004000078080003300118245005700151020001800208264004400226300001900270505123100289100002601520700002401546856010801570377720260407155430.0260407a2001 arg spa dAR-UNSa-BCEJYS aAR-UNSa-BCEJYSbspacAR-UNSa-BCEJYS a330.101.541xMacroeconomía10aMacroeconomíapGuía de ejercicios y aplicaciones a987-9460-27-8 1aBuenos Aires :bPearson Educationc2001 a218 p.c25 cm. a1. Una gira por el mundo - 2. Una gira por el libro - 3. El mercado de bienes - 4. Los mercados financieros - 5. Los mercados de bienes y financieros: el modelo IS-LM - 6. Las expectativas: los instrumentos básicos - 7. Las expectativas, el consumo y la inversión - 8. Los mercados financieros y las expectativas - 9. Las expectativas, la política macreconómica y la producción - 10. La apertura de los mercados de bienes y financieros - 11. El mercado de bienes en una economía abierta - 12. La producción, el tipo de interés y el tipo de cambio - 13. Las expectativas, las variaciones de los tipos de cambio y las crisis de los tipos de cambio - 14. El mercado de trabajo - 15. Análisis conjunto de todos los mercados - 16. La curva de Phillips - 17. La inflación, la desinflación y el desempleo - 18. La inflación, los tipos de interés y los tipos de cambio - 19. Patología I: un elevado desempleo - 20. Patalogía II: una elevada inflación - 21. Los hechos del crecimiento - 22. Algunos tópicos sobre el crecimiento y el desarrollo - 23. La convertibilidad y el patrón oro. Teorías, aplicaciones y debates - 24. La política monetaria - 25. El sector público y la política fiscal 1 aPérez Enrri, Daniel1 aMilani, Ana María41uhttps://biblioeco.unsa.edu.ar/pmb/images/libros/Macroeconomia-l86577.jpgyImagen de portadaqimage/jpeg